Prawo o publicznym obrocie papierami wartosciowymi komentarz

Salvato in:
Dettagli Bibliografici
Autore principale: Chlopecki, Aleksander
Natura: Libro
Lingua:polacco
Pubblicazione: Warszawa Wydawnictwo C.H. Beck 1999
Serie:Komentarze Becka
Soggetti:
Tags: Aggiungi Tag
Nessun Tag, puoi essere il primo ad aggiungerne!!

MARC

LEADER 00000nam a2200000 4500
001 c117590
005 20230227115608.8
020 |a 83-7110-131-7 
041 0 |a pol 
044 |a PL 
245 1 0 |a Prawo o publicznym obrocie papierami wartosciowymi  |b komentarz  |c Aleksander Chlopecki ... [et al.] 
264 1 |a Warszawa  |b Wydawnictwo C.H. Beck  |c 1999 
300 |a 1145 s. 
490 1 |a Komentarze Becka 
830 0 |a Komentarze Becka 
610 2 0 |a trh kapitálový 
610 2 0 |a papiere cenné 
610 2 0 |a právo 
610 2 0 |a legislatíva 
610 2 0 |a burzy 
610 2 0 |a makléri 
610 2 0 |a akcie 
610 2 0 |a zodpovednosť 
610 2 0 |a predpisy právne 
610 2 0 |a banky 
610 2 0 |a Európska únia 
610 2 0 |a Poľsko 
100 1 |a Chlopecki, Aleksander